000 00416nam a2200181Ia 4500
005 20250423095345.0
008 250422s9999 xx 000 0 und d
020 _a9789789376361
050 _aHF 5635 .I33/
100 _aIgben, Robert O.
245 0 _aFinancial accounting made easy
250 _a4th ed.
260 _aLagos
260 _bROI Publishers
260 _c2014
300 _a432 p
942 _cBK
999 _c30030
_d30030